| 000 | 01444cam a2200325Mi 4500 | ||
|---|---|---|---|
| 001 | ocn969572799 | ||
| 003 | Co-BoUCM | ||
| 005 | 20211210074752.0 | ||
| 006 | m d | ||
| 007 | cr ||||||||||| | ||
| 008 | 170630s2015 pauao r 001 0 eng d | ||
| 020 | _a1455774839 | ||
| 020 | _a9781455774838 (4a.Ed.) | ||
| 035 | _a(OCoLC)969572799 | ||
| 040 |
_aCo-BoUCM _bspa _cDeissy Garcia (modificó) _dSaul Niño |
||
| 041 | 0 | _aeng | |
| 060 | 1 | 0 | _aWF 18.2 |
| 100 | 1 |
_aGoodman, Lawrence R. _q(Lawrence Roger) _d1943- _986454 |
|
| 245 | 1 | 0 |
_aFelson's principles of chest roentgenology _ba programmed text _cLawrence R. Goodman |
| 246 | 1 | _aPrinciples of chest roentgenology | |
| 250 | _aCuarta edición | ||
| 260 |
_aPhiladelphia _bElsevier Sounders _c2015 |
||
| 300 |
_a271 páginas _bilustraciones, fotografías |
||
| 505 | 0 | _aThe radiographic examination : the basics -- Cross-sectional imaging techniques -- The normal chest x-ray : reading like the pros -- Chest CT : putting it all together -- Lobar anatomy -- The silhouette sign -- The air bronchogram sign -- Signs of lung and lobar collapse -- Patterns of lung disease -- Understanding the mediastinum -- The pleural and extrapleural spaces -- Cardiovascular disease. | |
| 546 | _aTexto en inglés | ||
| 650 | 7 |
_aRadiografía torácica _923061 |
|
| 650 | 7 |
_aTórax _925528 |
|
| 650 | 7 |
_aRadiografía _923054 |
|
| 942 |
_2NLM _a15 _cLIBRORESER _e4 _hWF 18.2 _mG653p |
||
| 999 |
_c306827 _d306827 |
||